000 00885aab a2200193 i 4500
001 768714001
003 CO-MdFUSB
005 20221110154131.0
008 221110s2003 sp ||||| |||| 00| 0 spa d
040 _bpor
_cCO-MdFUSB
_dCO-MdFUSB
041 _aspa
100 1 _aMichel, Thomas
_eautor
245 1 0 _aHacia una pedagogía del encuentro religioso
_c/ Thomas Michel
300 _aNúmero 302, (2003), Páginas 129 - 138
_c; 21 cm
520 _aEste artículo describe adecuadamente el compromiso al que urge la enseñanza de la iglesia a los cristianos, que el habitual dialogo interreligioso. con el término diálogo se sugiere que aquello que los cristianos debemos hacer fundamentalmente es hablar con los creyentes de otras religiones.
650 7 _9385
_aReligión
773 0 _tConcilium
_049450
_960412
_gNúmero 302, (2003), Páginas 129 - 138
_qPáginas 129
942 _cANA
999 _c49966
_d49966